01425nam a2200277 a 4500001001000000005001700010008004100027041000800068044000700076084002000083100004500103245011300148260002800261300002200289500018500311500008800496500024300584500001000827546002500837650005200862650005600914650003400970650004501004700004801049740005001097BRCA_314320190320204130.0050209s1869----fr-a---###---#000-0dfre-u afre afr a447b.H34c18691 aCervantes Saavedra, Miguel ded1547-161610aL´Ingenieux Hidalgo Don Quichotte de la ManchecMiguel de Cervantes Saavedra ; Traduction de Louis Viardot. aParísbHachettec1869 a2 v.bil.c39 cm. aContenido : v 1. Primera parte. Noticia sobre la vida y obra de Cervantes por L. Viardot. Prólogo del autor. Noticias. Texto. -- v 2. Segunda parte. Prólogo de Cervantes. Texto aEdición : Avec 370 Compositions de Gustave Doré Gravées sur Bois par H. Pisan aReproducción de la edición publicada por los mismos editores en 1863, con mayor número de ilustraciones hechas por Doré, pero en papel menos lujoso y en algo menor tamaño. Semipiel; lomeras decoradas con dorados Lúdovik Osterc aQM370 aTexto en : francés14aNovela españolayÉpoca clásica, 1500-170014aLiteratura españolayÉpoca clásica, 1500-170014aNovela españolaySiglo XVII14aDon Quijote (Personaje ficticio)eNovela1 aDoré, Paul Gustaved1832-1883eIlustrador0 aEl Ingenioso Hidalgo Don Quijote de la Mancha